[Event "25. Open Internacional de Andorra"]
[Site "Andorra AND"]
[Date "2007.07.06"]
[Round "7.2"]
[White "Timoshenko, Georgy"]
[Black "Rodshtein, Maxim"]
[Result "1/2-1/2"]
[WhiteElo "2566"]
[BlackElo "2530"]
[PlyCount "96"]
[EventDate "2007.06.30"]
[EventType "swiss"]
[EventRounds "9"]
[EventCountry "AND"]
[Source "lmi"]
[SourceDate "2007.06.30"]

1. e4 e6 2. d4 d5 3. Nc3 Nf6 4. e5 Nfd7 5. f4 c5 6. Nf3 Nc6 7. Be3 Be7 8. Qd2
O-O 9. O-O-O Qa5 10. dxc5 Bxc5 11. Bxc5 Nxc5 12. Kb1 Bd7 13. h4 Rab8 14. Nd4 b5
15. Nb3 Nxb3 16. cxb3 b4 17. Ne2 Qb6 18. h5 a5 19. Rh3 Rbc8 20. Qe3 Qxe3 21.
Rxe3 f6 22. exf6 gxf6 23. g3 e5 24. g4 d4 25. Rg3 Kh8 26. a3 Rg8 27. Bh3 h6 28.
Ka2 Be6 29. a4 Rcd8 30. g5 Bxh3 31. Rxh3 hxg5 32. fxe5 fxe5 33. Ng3 g4 34. Rh2
Rd6 35. Rf2 d3 36. Rf7 Rgd8 37. Rd2 Re6 38. Ne4 Rd4 39. Ng5 Re7 40. Rf6 Nd8 41.
h6 Rf4 42. Rxd3 Nf7 43. Rxf7 Rexf7 44. Rd8+ Rf8 45. Rd7 Re8 46. Rh7+ Kg8 47.
Rg7+ Kh8 48. Rh7+ Kg8 1/2-1/2

[Event "25. Open Internacional de Andorra"]
[Site "Andorra AND"]
[Date "2007.07.06"]
[Round "7.3"]
[White "Peralta, Fernando"]
[Black "Postny, Evgeny"]
[Result "1/2-1/2"]
[WhiteElo "2563"]
[BlackElo "2622"]
[PlyCount "35"]
[EventDate "2007.06.30"]
[EventType "swiss"]
[EventRounds "9"]
[EventCountry "AND"]
[Source "lmi"]
[SourceDate "2007.06.30"]

1. d4 d5 2. c4 c6 3. Nf3 Nf6 4. Nc3 dxc4 5. a4 e6 6. e3 c5 7. Bxc4 Nc6 8. O-O
Be7 9. Qe2 cxd4 10. Rd1 O-O 11. Nxd4 Nxd4 12. exd4 Nd5 13. Nxd5 exd5 14. Bxd5
Qxd5 15. Qxe7 Be6 16. Be3 Rfe8 17. Qc5 Rec8 18. Qxd5 1/2-1/2

[Event "25. Open Internacional de Andorra"]
[Site "Andorra AND"]
[Date "2007.07.06"]
[Round "7.4"]
[White "Baklan, Vladimir"]
[Black "Edouard, Romain"]
[Result "1/2-1/2"]
[WhiteElo "2618"]
[BlackElo "2447"]
[PlyCount "91"]
[EventDate "2007.06.30"]
[EventType "swiss"]
[EventRounds "9"]
[EventCountry "AND"]
[Source "lmi"]
[SourceDate "2007.06.30"]

1. e4 c5 2. c3 d5 3. exd5 Qxd5 4. d4 g6 5. Na3 Bg7 6. Be3 cxd4 7. Nb5 Na6 8.
Bxd4 Bxd4 9. Qxd4 Qxd4 10. Nxd4 Nc7 11. Ngf3 Nh6 12. Bc4 Nf5 13. O-O-O Nxd4 14.
Rxd4 Be6 15. Rhd1 Bxc4 16. Rxc4 Nb5 17. Re1 Rd8 18. Ng5 Nd6 19. Rd4 h6 20. Ne4
Nxe4 21. Rexe4 f5 22. Rxd8+ Kxd8 23. Re6 Rg8 24. Kd2 Kd7 25. Re3 g5 26. c4 Rg6
27. Kc3 Rc6 28. b4 Ra6 29. Re2 Ra3+ 30. Kd4 Ra4 31. Rd2 e6 32. Kc3+ Kc7 33. Kb3
Ra6 34. c5 Rc6 35. Rc2 Kd7 36. b5 Rc8 37. Rd2+ Kc7 38. Kc4 Re8 39. Rd6 h5 40.
a4 e5 41. Rf6 f4 42. Rf7+ Kc8 43. f3 e4 44. fxe4 Rxe4+ 45. Kd5 Re2 46. h4
1/2-1/2

[Event "25. Open Internacional de Andorra"]
[Site "Andorra AND"]
[Date "2007.07.06"]
[Round "7.5"]
[White "Flores, Diego"]
[Black "Spraggett, Kevin"]
[Result "1/2-1/2"]
[WhiteElo "2543"]
[BlackElo "2611"]
[PlyCount "94"]
[EventDate "2007.06.30"]
[EventType "swiss"]
[EventRounds "9"]
[EventCountry "AND"]
[Source "lmi"]
[SourceDate "2007.06.30"]

1. d4 f5 2. g3 Nf6 3. Bg2 g6 4. c4 Bg7 5. Nc3 O-O 6. Nh3 Nc6 7. Nf4 d6 8. d5
Ne5 9. Qb3 c5 10. O-O Rb8 11. a4 Qa5 12. Nd3 Nf7 13. Bd2 Qd8 14. Qc2 b6 15. a5
Bd7 16. axb6 Qxb6 17. Ra2 Rb7 18. Rfa1 Rfb8 19. Nb5 Bxb5 20. Ba5 Qa6 21. Bc7
Qxa2 22. Rxa2 Rxc7 23. cxb5 Rxb5 24. Ra6 c4 25. Nf4 Nd8 26. Qa4 Rxb2 27. Rxa7
Rxa7 28. Qxa7 Nb7 29. Ne6 Bf8 30. Qa8 Nd7 31. Qe8 Nbc5 32. Ng5 Kh8 33. Qf7 Bg7
34. Ne6 Nxe6 35. dxe6 Nf8 36. Qxe7 Rxe2 37. Bd5 c3 38. Bb3 d5 39. Qd8 Rxe6 40.
Qxd5 h5 41. Kg2 Kh7 42. Bc2 Re2 43. Bb3 Ne6 44. Qd3 Rd2 45. Qe3 Nf8 46. h3 Rb2
47. Ba4 Rb4 1/2-1/2

[Event "25. Open Internacional de Andorra"]
[Site "Andorra AND"]
[Date "2007.07.06"]
[Round "7.8"]
[White "Kosten, Anthony C"]
[Black "Fernandez Romero, Ernesto"]
[Result "1-0"]
[WhiteElo "2517"]
[BlackElo "2437"]
[PlyCount "109"]
[EventDate "2007.06.30"]
[EventType "swiss"]
[EventRounds "9"]
[EventCountry "AND"]
[Source "lmi"]
[SourceDate "2007.06.30"]

1. c4 e5 2. Nc3 Bb4 3. g3 Bxc3 4. bxc3 Nc6 5. Bg2 d6 6. d3 Nge7 7. f4 O-O 8.
Nh3 Bg4 9. O-O Qd7 10. Nf2 Be6 11. fxe5 dxe5 12. Ne4 b6 13. Ng5 Bg4 14. Ba3
Rae8 15. h3 Bh5 16. g4 Bg6 17. Qa4 Nb8 18. Qb5 c5 19. Qxd7 Nxd7 20. Ne4 Rd8 21.
Bc1 Nb8 22. Ng3 f6 23. a4 Be8 24. a5 Bc6 25. Ne4 Nc8 26. Be3 Nd6 27. Nxd6 Bxg2
28. Kxg2 Rxd6 29. axb6 axb6 30. Ra7 Rf7 31. Ra8 Rb7 32. Rb1 Rc6 33. h4 Kf7 34.
h5 Nd7 35. Rba1 Nb8 36. Kf3 Ke6 37. Ke4 Rcc7 38. Rd1 Rf7 39. Rb1 Rfc7 40. Bf2
Rc6 41. Bg3 Rcc7 42. Rf1 Rd7 43. g5 Rf7 44. Rf5 Nc6 45. h6 gxh6 46. gxf6 Rxf6
47. Re8+ Ne7 48. Rxf6+ Kxf6 49. Bh4+ Kf7 50. Rxe7+ Rxe7 51. Bxe7 Kxe7 52. Kxe5
h5 53. Kf4 Kf6 54. e4 h6 55. d4 1-0

[Event "25. Open Internacional de Andorra"]
[Site "Andorra AND"]
[Date "2007.07.06"]
[Round "7.9"]
[White "Berkovich, Mark A"]
[Black "Arizmendi Martinez, Julen Luis"]
[Result "1/2-1/2"]
[WhiteElo "2387"]
[BlackElo "2525"]
[PlyCount "23"]
[EventDate "2007.06.30"]
[EventType "swiss"]
[EventRounds "9"]
[EventCountry "AND"]
[Source "lmi"]
[SourceDate "2007.06.30"]

1. Nf3 g6 2. g3 Bg7 3. Bg2 Nf6 4. O-O O-O 5. d4 d6 6. b3 c5 7. Bb2 cxd4 8. Nxd4
d5 9. c4 e5 10. Nc2 d4 11. e3 d3 12. Nb4 1/2-1/2

[Event "25. Open Internacional de Andorra"]
[Site "Andorra AND"]
[Date "2007.07.06"]
[Round "7.12"]
[White "Jakobsen, Ole"]
[Black "Movsziszian, Karen"]
[Result "0-1"]
[WhiteElo "2379"]
[BlackElo "2497"]
[PlyCount "145"]
[EventDate "2007.06.30"]
[EventType "swiss"]
[EventRounds "9"]
[EventCountry "AND"]
[Source "lmi"]
[SourceDate "2007.06.30"]

1. d4 d6 2. e4 Nf6 3. f3 Nbd7 4. c4 e5 5. Ne2 c6 6. Nbc3 a6 7. a4 a5 8. Be3 Be7
9. d5 h5 10. Nc1 Nb8 11. Nd3 Na6 12. Qd2 Nh7 13. Be2 Bg5 14. Bxg5 Qxg5 15. Qxg5
Nxg5 16. h4 Nh7 17. Kd2 Nf6 18. g3 Ke7 19. Bf1 Nd7 20. Bh3 Ndc5 21. Nxc5 Nxc5
22. Kc2 Bxh3 23. Rxh3 g6 24. f4 f6 25. Re1 Ra6 26. b3 Rb6 27. Rb1 f5 28. Rh2
Nxe4 29. fxe5 Nxc3 30. exd6+ Kxd6 31. Kxc3 Re8 32. dxc6 Re3+ 33. Kd4 Re4+ 34.
Kc3 bxc6 35. Rd1+ Kc5 36. Rd3 Rb8 37. Rhd2 Rbe8 38. Rd7 Re3+ 39. R7d3 Rxd3+ 40.
Rxd3 Re2 41. Rf3 Re4 42. Rd3 f4 43. gxf4 Rxf4 44. Rg3 Rg4 45. Rh3 Rg1 46. Re3
Rc1+ 47. Kd2 Rh1 48. Rg3 Rxh4 49. Rxg6 Rg4 50. Rh6 h4 51. Kc3 Rg3+ 52. Kb2 Kb4
53. Rxh4 Rg2+ 54. Kc1 Kxb3 55. c5 Rc2+ 56. Kb1 Rxc5 57. Rh3+ Rc3 58. Rh8 Kxa4
59. Kb2 Rc4 60. Rg8 Rh4 61. Rc8 Kb5 62. Rg8 a4 63. Rg2 Kb4 64. Rf2 c5 65. Rf3
Rh2+ 66. Kb1 c4 67. Rg3 a3 68. Rg8 Kb3 69. Rb8+ Kc3 70. Ra8 Rh1+ 71. Ka2 Kc2
72. Rxa3 c3 73. Ra7 0-1

[Event "25. Open Internacional de Andorra"]
[Site "Andorra AND"]
[Date "2007.07.06"]
[Round "7.14"]
[White "Damaso, Rui"]
[Black "Sandu, Mihaela"]
[Result "1-0"]
[WhiteElo "2438"]
[BlackElo "2226"]
[PlyCount "61"]
[EventDate "2007.06.30"]
[EventType "swiss"]
[EventRounds "9"]
[EventCountry "AND"]
[Source "lmi"]
[SourceDate "2007.06.30"]

1. e4 c5 2. Nf3 e6 3. Nc3 d6 4. d4 cxd4 5. Qxd4 Nf6 6. e5 dxe5 7. Qxd8+ Kxd8 8.
Nxe5 Ke8 9. Nb5 Na6 10. Be2 Bc5 11. c3 Ke7 12. a4 Ne4 13. f3 Nd6 14. Nd3 Bb6
15. Nxd6 Kxd6 16. b4 Ke7 17. a5 Bc7 18. b5 Nb8 19. f4 Rd8 20. Be3 Nd7 21. c4 e5
22. Kf2 e4 23. Nb4 Nf6 24. c5 Ng4+ 25. Bxg4 Bxg4 26. a6 Rdb8 27. axb7 Rxb7 28.
b6 Ke6 29. h3 Bh5 30. g4 Rc8 31. f5+ 1-0

[Event "25. Open Internacional de Andorra"]
[Site "Andorra AND"]
[Date "2007.07.06"]
[Round "7.15"]
[White "Navarro Cia, Miguel"]
[Black "Vila Gazquez, Javier"]
[Result "0-1"]
[WhiteElo "2338"]
[BlackElo "2415"]
[PlyCount "110"]
[EventDate "2007.06.30"]
[EventType "swiss"]
[EventRounds "9"]
[EventCountry "AND"]
[Source "lmi"]
[SourceDate "2007.06.30"]

1. e4 c5 2. Nf3 Nc6 3. d4 cxd4 4. Nxd4 Qc7 5. Nc3 e6 6. Be3 a6 7. Qd2 Nf6 8.
O-O-O Nxd4 9. Qxd4 Ng4 10. Bg5 Qc5 11. Qd2 f6 12. Bf4 b5 13. Be2 Ne5 14. Be3
Qc6 15. f4 Nc4 16. Bxc4 Qxc4 17. f5 Be7 18. b3 Qc6 19. Qd3 Bb7 20. Rhe1 Rc8 21.
Bd2 O-O 22. Kb1 b4 23. Na4 Rfd8 24. Rc1 d5 25. e5 exf5 26. Qxf5 d4 27. exf6
Bxf6 28. Bxb4 Qb5 29. Qxb5 axb5 30. Nc5 Bxg2 31. Rg1 Bd5 32. Nd3 Re8 33. Rcf1
Kf7 34. Bc5 Re4 35. Rg5 Be6 36. Bb6 Re2 37. Rxb5 Rcxc2 38. Bxd4 Rcd2 39. Rb7+
Ke8 40. Bxf6 gxf6 41. Nc1 Rxh2 42. Rxf6 Bd5 43. Rc7 Be4+ 44. Ka1 Rb2 45. Re6+
Kd8 46. Rxe4 Kxc7 47. Rc4+ Kb7 48. a4 Rbc2 49. Rb4+ Ka6 50. Kb1 h5 51. Nd3 Rcd2
52. Nc1 h4 53. Rc4 Rd1 54. b4 Rhh1 55. b5+ Ka5 0-1

[Event "25. Open Internacional de Andorra"]
[Site "Andorra AND"]
[Date "2007.07.06"]
[Round "7.17"]
[White "Clement Gomez, Jose A"]
[Black "Simonet Pons, Marc"]
[Result "1/2-1/2"]
[WhiteElo "2357"]
[BlackElo "2260"]
[PlyCount "68"]
[EventDate "2007.06.30"]
[EventType "swiss"]
[EventRounds "9"]
[EventCountry "AND"]
[Source "lmi"]
[SourceDate "2007.06.30"]

1. Nf3 c5 2. b3 Nf6 3. Bb2 e6 4. g3 b6 5. Bg2 Bb7 6. O-O Be7 7. c4 O-O 8. Nc3
d5 9. e3 dxc4 10. bxc4 Nc6 11. Qe2 Rc8 12. d3 Qc7 13. Ng5 h6 14. Nge4 Nxe4 15.
Nxe4 f5 16. Nd2 Rcd8 17. Rfd1 Rd7 18. f4 Rfd8 19. Nf3 Bf6 20. Bxf6 gxf6 21. Rd2
Nb4 22. Rad1 Rd6 23. Ne1 Ba6 24. a3 Nc6 25. Kf2 Na5 26. Nf3 Qd7 27. Bf1 Bb7 28.
Rc2 Be4 29. Rc3 Bc6 30. Ne1 Kh7 31. Rdc1 Qg7 32. Ng2 Be8 33. Nh4 Nc6 34. Bg2
Na5 1/2-1/2

[Event "25. Open Internacional de Andorra"]
[Site "Andorra AND"]
[Date "2007.07.06"]
[Round "7.18"]
[White "Damia, Angelo"]
[Black "Garcia Roman, Daniel"]
[Result "0-1"]
[WhiteElo "2212"]
[BlackElo "2425"]
[PlyCount "64"]
[EventDate "2007.06.30"]
[EventType "swiss"]
[EventRounds "9"]
[EventCountry "AND"]
[Source "lmi"]
[SourceDate "2007.06.30"]

1. e4 e6 2. d4 d5 3. Nc3 Nf6 4. e5 Nfd7 5. Qh5 c5 6. Nf3 g6 7. Qg4 cxd4 8. Nxd4
Nxe5 9. Qg3 Bg7 10. Bf4 Nbc6 11. Nxc6 Nxc6 12. Bd6 a6 13. O-O-O Ne7 14. Ba3 O-O
15. h4 h5 16. Ne4 Nf5 17. Qh2 Qb6 18. Nc5 Qd8 19. Ne4 Re8 20. g4 hxg4 21. h5
Bh6+ 22. Kb1 g5 23. Qe5 Bg7 24. Qh2 Nh6 25. f4 gxf3 26. Rg1 g4 27. Nd6 Bd7 28.
Bd3 Bb5 29. Qf4 Qf6 30. Rxg4 Nxg4 31. Qxg4 Bxd3 32. cxd3 Red8 0-1

[Event "25. Open Internacional de Andorra"]
[Site "Andorra AND"]
[Date "2007.07.06"]
[Round "7.19"]
[White "Popilsky, Gil"]
[Black "Mellado Trivino, Juan"]
[Result "1/2-1/2"]
[WhiteElo "2193"]
[BlackElo "2394"]
[PlyCount "31"]
[EventDate "2007.06.30"]
[EventType "swiss"]
[EventRounds "9"]
[EventCountry "AND"]
[Source "lmi"]
[SourceDate "2007.06.30"]

1. e4 e5 2. Nf3 Nf6 3. d4 exd4 4. e5 Ne4 5. Qxd4 f5 6. Be3 d5 7. exd6 Qxd6 8.
Nbd2 Nxd2 9. Qxd2 Nc6 10. Bc4 Bd7 11. O-O-O O-O-O 12. Bg5 Qxd2+ 13. Rxd2 Re8
14. Bf7 Re4 15. Bd5 Re8 16. Bf7 1/2-1/2

[Event "25. Open Internacional de Andorra"]
[Site "Andorra AND"]
[Date "2007.07.07"]
[Round "8.1"]
[White "Lopez Martinez, Josep Manuel"]
[Black "Kogan, Artur"]
[Result "1/2-1/2"]
[WhiteElo "2563"]
[BlackElo "2566"]
[PlyCount "28"]
[EventDate "2007.06.30"]
[EventType "swiss"]
[EventRounds "9"]
[EventCountry "AND"]
[Source "lmi"]
[SourceDate "2007.06.30"]

1. e4 c5 2. Nf3 Nc6 3. d4 cxd4 4. Nxd4 Nf6 5. Nc3 e6 6. Ndb5 Bb4 7. a3 Bxc3+ 8.
Nxc3 d5 9. Bd3 dxe4 10. Nxe4 Nxe4 11. Bxe4 Qxd1+ 12. Kxd1 Bd7 13. Be3 f5 14.
Bf3 e5 1/2-1/2

[Event "25. Open Internacional de Andorra"]
[Site "Andorra AND"]
[Date "2007.07.07"]
[Round "8.2"]
[White "Rodshtein, Maxim"]
[Black "Peralta, Fernando"]
[Result "1/2-1/2"]
[WhiteElo "2530"]
[BlackElo "2563"]
[PlyCount "54"]
[EventDate "2007.06.30"]
[EventType "swiss"]
[EventRounds "9"]
[EventCountry "AND"]
[Source "lmi"]
[SourceDate "2007.06.30"]

1. e4 d6 2. d4 Nf6 3. Nc3 g6 4. Be3 Bg7 5. h3 O-O 6. Qd2 c6 7. Nf3 Nbd7 8. Bd3
e5 9. O-O Qe7 10. Rfe1 b5 11. a4 b4 12. Ne2 c5 13. dxc5 Nxc5 14. Ng3 Bb7 15.
Bxc5 dxc5 16. Rad1 Bc6 17. b3 Rad8 18. Qe3 Ne8 19. Bc4 Nc7 20. c3 bxc3 21. Qxc3
Na8 22. Qa5 Nb6 23. Bb5 Ba8 24. Qc3 Kh8 25. Rc1 Rc8 26. Red1 Rc7 27. Qe1 Bb7
1/2-1/2

[Event "25. Open Internacional de Andorra"]
[Site "Andorra AND"]
[Date "2007.07.07"]
[Round "8.4"]
[White "Postny, Evgeny"]
[Black "Damaso, Rui"]
[Result "1/2-1/2"]
[WhiteElo "2622"]
[BlackElo "2438"]
[PlyCount "138"]
[EventDate "2007.06.30"]
[EventType "swiss"]
[EventRounds "9"]
[EventCountry "AND"]
[Source "lmi"]
[SourceDate "2007.06.30"]

1. d4 Nf6 2. c4 g6 3. Nc3 Bg7 4. e4 d6 5. f3 O-O 6. Bg5 c5 7. d5 e6 8. Qd2 exd5
9. Nxd5 Be6 10. Ne2 Bxd5 11. cxd5 h6 12. Be3 b5 13. Nc3 b4 14. Nd1 Nbd7 15. Be2
h5 16. O-O Nh7 17. Bf2 f5 18. exf5 gxf5 19. a3 a5 20. axb4 cxb4 21. Ne3 f4 22.
Nc4 Ne5 23. Rac1 Rf7 24. b3 Kh8 25. Kh1 Nxc4 26. Rxc4 Be5 27. Rfc1 Qg5 28. Bb6
Nf6 29. Rc8+ Rxc8 30. Rxc8+ Kg7 31. Bxa5 Qf5 32. Rc6 Qb1+ 33. Rc1 Qxb3 34. Bc4
Qe3 35. Bxb4 Rc7 36. Rc2 Qxd2 37. Bxd2 Nxd5 38. Bb3 Rxc2 39. Bxc2 Kf6 40. Bb3
Ne3 41. Ba4 h4 42. Ba5 Kg5 43. Bb6 Nf5 44. Bc2 Bd4 45. Bd8+ Bf6 46. Bc7 d5 47.
Bd3 Bd4 48. Bd8+ Bf6 49. Ba5 Bd4 50. Be1 Bc5 51. Bxf5 Kxf5 52. Bxh4 d4 53. Kg1
d3+ 54. Kf1 Bg1 55. g4+ fxg3 56. hxg3 Bc5 57. Ke1 Bb4+ 58. Kd1 Ba5 59. Kc1 Bc3
60. Kb1 Be5 61. Kc1 Bc3 62. Kd1 Ba5 63. Be7 Bc7 64. g4+ Kf4 65. g5 Kxf3 66. Bf6
Bf4 67. g6 Bh6 68. Bg5 Bg7 69. Kd2 Ke4 1/2-1/2

[Event "25. Open Internacional de Andorra"]
[Site "Andorra AND"]
[Date "2007.07.07"]
[Round "8.6"]
[White "Spraggett, Kevin"]
[Black "Comas Fabrego, Luis"]
[Result "1/2-1/2"]
[WhiteElo "2611"]
[BlackElo "2487"]
[PlyCount "91"]
[EventDate "2007.06.30"]
[EventType "swiss"]
[EventRounds "9"]
[EventCountry "AND"]
[Source "lmi"]
[SourceDate "2007.06.30"]

1. e4 c5 2. Nf3 d6 3. d4 cxd4 4. Nxd4 Nf6 5. Nc3 Nc6 6. Bg5 e6 7. Qd2 a6 8.
O-O-O Bd7 9. f4 h6 10. Bh4 g5 11. fxg5 Ng4 12. Nxc6 Bxc6 13. Be2 Ne5 14. g3 Ng6
15. Kb1 Be7 16. gxh6 Nxh4 17. gxh4 Qa5 18. Rhf1 Qe5 19. h5 Bg5 20. Qe1 Bxh6 21.
Qf2 Rf8 22. Qb6 Rc8 23. Bg4 Bg7 24. Rd3 Qg5 25. Rg1 Qe5 26. Rgd1 Rd8 27. h3 Rd7
28. a3 Qc5 29. Qb3 Be5 30. Rf1 Re7 31. Be2 Rg8 32. Rdf3 Rg1 33. Rxf7 Rxf1+ 34.
Rxf1 Bxc3 35. bxc3 Bxe4 36. Qa4+ Qc6 37. Qd4 e5 38. Qe3 Qa4 39. Bd3 Bxd3 40.
Qxd3 Qb5+ 41. Qxb5+ axb5 42. Rf6 Kd7 43. h6 e4 44. Kc1 Re5 45. Rf7+ Kc6 46. Rf4
1/2-1/2

[Event "25. Open Internacional de Andorra"]
[Site "Andorra AND"]
[Date "2007.07.07"]
[Round "8.8"]
[White "Edouard, Romain"]
[Black "Timoshenko, Georgy"]
[Result "0-1"]
[WhiteElo "2447"]
[BlackElo "2566"]
[PlyCount "112"]
[EventDate "2007.06.30"]
[EventType "swiss"]
[EventRounds "9"]
[EventCountry "AND"]
[Source "lmi"]
[SourceDate "2007.06.30"]

1. e4 e6 2. d4 d5 3. Nc3 Bb4 4. e5 c5 5. a3 Bxc3+ 6. bxc3 Nc6 7. Nf3 Qa5 8. Bd2
c4 9. h4 Bd7 10. g3 O-O-O 11. Bh3 h6 12. h5 Kb8 13. Nh4 Nge7 14. O-O Ka8 15.
Kh2 Rde8 16. f4 g6 17. g4 gxh5 18. gxh5 Nf5 19. Nxf5 exf5 20. Be1 Rhg8 21. Qd2
Be6 22. Bh4 Nb8 23. Rfb1 Nd7 24. a4 Qc7 25. Rb5 a6 26. Rb4 b6 27. Rg1 Rxg1 28.
Kxg1 Rg8+ 29. Kh2 Ka7 30. Qf2 Nb8 31. Bf6 Nd7 32. Be7 Re8 33. Bd6 Qd8 34. Rb1
Nf6 35. exf6 Qxd6 36. Re1 Qd8 37. Re5 Qxf6 38. Qg3 Rd8 39. Re3 a5 40. Re5 Ka8
41. Re1 Bd7 42. Re5 Bxa4 43. Rxf5 Qe7 44. Re5 Qf8 45. f5 Qd6 46. Bg2 Bc6 47. f6
Qxf6 48. Kh1 a4 49. Re1 Rg8 50. Qh3 Bd7 51. Qh2 Rg4 52. Kg1 Qg5 53. Rb1 Rg3 54.
Kh1 Bf5 55. Rb4 Qc1+ 56. Qg1 Qxg1+ 0-1

[Event "25. Open Internacional de Andorra"]
[Site "Andorra AND"]
[Date "2007.07.07"]
[Round "8.9"]
[White "Vila Gazquez, Javier"]
[Black "Flores, Diego"]
[Result "1/2-1/2"]
[WhiteElo "2415"]
[BlackElo "2543"]
[PlyCount "97"]
[EventDate "2007.06.30"]
[EventType "swiss"]
[EventRounds "9"]
[EventCountry "AND"]
[Source "lmi"]
[SourceDate "2007.06.30"]

1. e4 c5 2. Nf3 e6 3. d4 cxd4 4. Nxd4 a6 5. Bd3 Qc7 6. O-O Nf6 7. Qe2 d6 8. Kh1
Nbd7 9. f4 Be7 10. Bd2 g6 11. c4 h5 12. Nc3 h4 13. Rae1 Nh5 14. Nd5 exd5 15.
exd5 Ndf6 16. f5 g5 17. Bxg5 Kf8 18. Qe3 Ng8 19. Ne6+ fxe6 20. fxe6+ Ngf6 21.
Qe4 Bd8 22. Qg6 Qg7 23. e7+ Bxe7 24. Qxg7+ Nxg7 25. Bxf6 Bxf6 26. Rxf6+ Kg8 27.
Rxd6 Bf5 28. Bxf5 Nxf5 29. Rg6+ Kf7 30. Rb6 Rhe8 31. Rf1 Re5 32. Rxb7+ Kg6 33.
Rb3 Ne3 34. Re1 Nxc4 35. Rxe5 Nxe5 36. h3 Kf5 37. Rb4 Rh8 38. Rb6 Rc8 39. Kg1
Rc2 40. Rd6 Nd3 41. Rh6 Kg5 42. Rh8 Nf4 43. Rg8+ Kf5 44. Rg4 Rxb2 45. d6 Rd2
46. d7 Ng6 47. g3 Rxd7 48. gxh4 Nf4 49. Rg8 1/2-1/2

[Event "25. Open Internacional de Andorra"]
[Site "Andorra AND"]
[Date "2007.07.07"]
[Round "8.10"]
[White "De la Riva Aguado, Oscar"]
[Black "Avila Jimenez, Javier"]
[Result "1-0"]
[WhiteElo "2525"]
[BlackElo "2259"]
[PlyCount "103"]
[EventDate "2007.06.30"]
[EventType "swiss"]
[EventRounds "9"]
[EventCountry "AND"]
[Source "lmi"]
[SourceDate "2007.06.30"]

1. e4 d5 2. exd5 Nf6 3. Nf3 Nxd5 4. d4 Bf5 5. g3 e6 6. Bg2 Be7 7. O-O Nd7 8. c4
N5b6 9. Qe2 O-O 10. Nc3 c6 11. Bf4 h6 12. Rfd1 Re8 13. Rac1 Nf8 14. h3 Nbd7 15.
Ne4 Nf6 16. Nc5 Bxc5 17. dxc5 Qa5 18. Bd6 N8d7 19. a3 Rac8 20. Qe3 Be4 21. Rd4
Bh7 22. Ne5 Qa6 23. Rcd1 Nf8 24. Bf3 Qa4 25. R1d2 Ng6 26. Nxg6 Bxg6 27. Be5 Nh7
28. Rd7 Ng5 29. Bg2 f6 30. Bc3 Qa6 31. h4 Nh7 32. Qf4 e5 33. Qe3 Nf8 34. R7d6
Qxc4 35. Bf1 Qg4 36. Kh2 Qe4 37. Qxe4 Bxe4 38. Bc4+ Kh7 39. h5 Rc7 40. g4 g6
41. Rxf6 gxh5 42. gxh5 Rg7 43. Rdd6 Rg2+ 44. Kh3 Rg1 45. Rxh6+ Kg7 46. f4 Rh1+
47. Kg3 Rg1+ 48. Kf2 Rg2+ 49. Ke3 Bd5 50. Bxd5 cxd5 51. Bxe5+ Kf7 52. Kf3 1-0

[Event "25. Open Internacional de Andorra"]
[Site "Andorra AND"]
[Date "2007.07.07"]
[Round "8.11"]
[White "Vassallo Barroche, Mauricio"]
[Black "Strikovic, Aleksa"]
[Result "1/2-1/2"]
[WhiteElo "2392"]
[BlackElo "2563"]
[PlyCount "96"]
[EventDate "2007.06.30"]
[EventType "swiss"]
[EventRounds "9"]
[EventCountry "AND"]
[Source "lmi"]
[SourceDate "2007.06.30"]

1. d4 d6 2. g3 e5 3. dxe5 dxe5 4. Qxd8+ Kxd8 5. Bg2 Nf6 6. Nf3 Bd6 7. Nc3 Nbd7
8. b3 a6 9. Bb2 Rb8 10. Ng5 Ke7 11. Nge4 b5 12. Nxd6 cxd6 13. f4 Bb7 14. Rg1
Rhc8 15. Rc1 Bxg2 16. Rxg2 b4 17. Nd1 Ne4 18. Ne3 g6 19. g4 f6 20. f5 Nb6 21.
h4 d5 22. g5 d4 23. fxg6 hxg6 24. Ng4 Nd5 25. gxf6+ Kf7 26. e3 Ndc3 27. exd4
exd4 28. a3 bxa3 29. Bxa3 Rh8 30. Nf2 Rxh4 31. Nxe4 Rxe4+ 32. Kd2 Kxf6 33. Rf1+
Kg7 34. Rfg1 Rb6 35. Kd3 Rbe6 36. Bc5 Kf7 37. Rf1+ Ke8 38. Rgf2 Kd7 39. Bxd4
Ne2 40. Bb2 g5 41. Rf7+ Kc6 42. R1f6 Nf4+ 43. Kd2 Re2+ 44. Kd1 Rg2 45. Be5 Rg1+
46. Kd2 Rg2+ 47. Kd1 Rg1+ 48. Kd2 Rg2+ 1/2-1/2

[Event "25. Open Internacional de Andorra"]
[Site "Andorra AND"]
[Date "2007.07.07"]
[Round "8.12"]
[White "Arizmendi Martinez, Julen Luis"]
[Black "Garcia Roman, Daniel"]
[Result "1-0"]
[WhiteElo "2525"]
[BlackElo "2425"]
[PlyCount "81"]
[EventDate "2007.06.30"]
[EventType "swiss"]
[EventRounds "9"]
[EventCountry "AND"]
[Source "lmi"]
[SourceDate "2007.06.30"]

1. e4 c6 2. d4 d5 3. Nc3 dxe4 4. Nxe4 Nd7 5. Nf3 Ngf6 6. Ng3 e6 7. Bd3 c5 8.
O-O Be7 9. Qe2 O-O 10. Rd1 cxd4 11. Nxd4 Nc5 12. Bc4 Bd7 13. b3 Re8 14. Bb2 Qc7
15. Nf3 Bc6 16. Ne5 a5 17. a4 Bd5 18. Ng4 Bxc4 19. Qxc4 Nxg4 20. Qxg4 e5 21.
Rd5 Bf8 22. Rad1 Kh8 23. h4 f6 24. h5 Rad8 25. Ba3 Rxd5 26. Rxd5 Ne6 27. Bxf8
Nxf8 28. Nf5 b6 29. Qd1 Ne6 30. Nd6 Rf8 31. Qg4 Nf4 32. Rd2 Qc3 33. Nf7+ Kg8
34. Nh6+ Kh8 35. Rd7 g6 36. hxg6 Nxg6 37. Nf7+ Kg8 38. Nh6+ Kh8 39. Nf7+ Kg8
40. Qe6 Nf4 41. Qxf6 1-0

[Event "25. Open Internacional de Andorra"]
[Site "Andorra AND"]
[Date "2007.07.07"]
[Round "8.13"]
[White "Simonet Pons, Marc"]
[Black "Perez Candelario, Manuel"]
[Result "0-1"]
[WhiteElo "2260"]
[BlackElo "2511"]
[PlyCount "72"]
[EventDate "2007.06.30"]
[EventType "swiss"]
[EventRounds "9"]
[EventCountry "AND"]
[Source "lmi"]
[SourceDate "2007.06.30"]

1. d4 d5 2. c4 e6 3. Nc3 c6 4. Nf3 Nf6 5. Bg5 h6 6. Bxf6 Qxf6 7. e3 Nd7 8. Bd3
dxc4 9. Bxc4 g6 10. O-O Bg7 11. Rc1 O-O 12. e4 e5 13. d5 Rd8 14. Qe2 Nb6 15.
Bb3 Bg4 16. dxc6 bxc6 17. Na4 Rd4 18. Nc5 a5 19. Rc3 a4 20. Bc2 Qd6 21. b3 a3
22. h3 Bxf3 23. Qxf3 Bf8 24. b4 Rxb4 25. Rd1 Rd4 26. Rb1 Qc7 27. Qf6 Rd6 28.
Qf3 Ra5 29. Bb3 Kg7 30. Rbc1 Rf6 31. Qe3 Nc8 32. Nd3 Na7 33. Nc5 Nb5 34. Rc4
Nd4 35. Na4 Qa7 36. Nc3 Bc5 0-1

[Event "25. Open Internacional de Andorra"]
[Site "Andorra AND"]
[Date "2007.07.07"]
[Round "8.14"]
[White "Fernandez Romero, Ernesto"]
[Black "Berkovich, Mark A"]
[Result "1/2-1/2"]
[WhiteElo "2437"]
[BlackElo "2387"]
[PlyCount "65"]
[EventDate "2007.06.30"]
[EventType "swiss"]
[EventRounds "9"]
[EventCountry "AND"]
[Source "lmi"]
[SourceDate "2007.06.30"]

1. e4 e5 2. Nf3 Nc6 3. Bb5 Nge7 4. Nc3 Ng6 5. h4 h5 6. d4 Nxd4 7. Nxd4 exd4 8.
Qxd4 c6 9. Be2 Qb6 10. Qd3 d6 11. Qg3 Bd7 12. Bg5 Ne5 13. O-O-O f6 14. Be3 Qa5
15. Rd4 b5 16. Rhd1 O-O-O 17. f4 Ng4 18. Bg1 Be7 19. Qe1 Be6 20. a4 a6 21. b4
Qc7 22. Kb2 f5 23. axb5 axb5 24. Ra1 Bf6 25. e5 Nxe5 26. fxe5 Bxe5 27. Rdd1 c5
28. Bf3 cxb4 29. Ra8+ Kd7 30. Rxd8+ Ke7 31. Qxe5 dxe5 32. R8d7+ Qxd7 33. Bc5+
1/2-1/2